000 01020cam a22003011 4500
001 18070
003 BD-RjUL
005 20211209000231.0
008 140219s1952 xx 000 0 eng
035 _a(BD-RjUL)18128
035 _a(OCoLC)691271
040 _aDLC
_cOKentU
_dDLC
_beng
041 _aeng
082 _a820.9
_bCAM 1952
245 0 4 _aThe Cambridge history of English literature /
_cedited by A. W. Ward ... and A. R. Waller.
_nV-10
260 _aCambridge [Eng.] :
_bThe University press,
_c1952.
300 _a410 p. ;
_c23 cm.
500 _aFirst published 1907.
500 _a"Cheap edition (text only) 1932."
650 0 _aEnglish literature
_xHistory and criticism.
_952967
650 0 _aEnglish literature
_xBibliography.
_955684
651 0 _aGreat Britain
_xIntellectual life.
_955685
700 1 _aWard, Adolphus William,
_cSir,
_d1837-1924,
_eed.
_955686
700 1 _aWaller, A. R.
_q(Alfred Rayney),
_d1867-1922.
_955687
942 _2ddc
_cBK
999 _c18070
_d18070